Automobile sector V.II : Escorts, Hero Honda Motor Company, Mahindra and Mahindra (Record no. 186785)

MARC details
000 -LEADER
fixed length control field 00492nam a2200169Ia 4500
005 - DATE AND TIME OF LATEST TRANSACTION
control field 20250311141807.0
008 - FIXED-LENGTH DATA ELEMENTS--GENERAL INFORMATION
fixed length control field 231217s9999 xx 000 0 und d
020 ## - INTERNATIONAL STANDARD BOOK NUMBER
International Standard Book Number 8178810557
082 ## - DEWEY DECIMAL CLASSIFICATION NUMBER
Classification number 338.43629222 MAN.2;1 R
100 ## - MAIN ENTRY--PERSONAL NAME
Personal name Mantravadi, Pramod M.
245 #0 - TITLE STATEMENT
Title Automobile sector V.II : Escorts, Hero Honda Motor Company, Mahindra and Mahindra
260 ## - PUBLICATION, DISTRIBUTION, ETC. (IMPRINT)
Date of publication, distribution, etc. 2002
Name of publisher, distributor, etc. Icfai
Place of publication, distribution, etc. Hyderabad
300 ## - PHYSICAL DESCRIPTION
Extent xii, 196
650 ## - SUBJECT ADDED ENTRY--TOPICAL TERM
Topical term or geographic name as entry element Automobile,V.II
942 ## - ADDED ENTRY ELEMENTS (KOHA)
Koha item type Books
400 ## - SERIES STATEMENT/ADDED ENTRY--PERSONAL NAME [OBSOLETE, CAN/MARC], [LOCAL, USA]
Personal name Case study series
Holdings
Date last seen Total Checkouts Full call number Accession number Old discount Cost, replacement price Price effective from Category Public note Lost status Damaged status Department Withdrawn status bill no. bill date Permanent Location Current Location Shelving location Entry date Vendor Cost, normal purchase price Grants Currency symbol Conversion rate Discount Discount type
26/01/2024   338.43629222 MAN.2;1 R 63553   38.00 26/01/2024 Books 63553     Central Library   1993 25/02/2014 Central Library Central Library Central Library 20/07/2010 ICFAI Press 38.00 MBA RS 1   Rupees
26/01/2024   338.43629222 MAN.2;2 R1 63881   38.00 26/01/2024 Books 63881     Central Library   1993 25/02/2014 Central Library Central Library Central Library 22/07/2010 ICFAI Press 38.00 MBA RS 1   Rupees

© For any Suggestions or Query, please contact the library staff @ librarian@pes.edu or Phone: +9180 2672 1983/ 2108.